[Event "III Calvia Open"]
[Site "Calvia"]
[Date "2006.10.20"]
[Round "1"]
[White "Barcelo, Pedro"]
[Black "Spraggett, Kevin"]
[Result "0-1"]
[WhiteElo "2261"]
[BlackElo "2610"]
[PlyCount "66"]
[EventDate "2006.10.21"]
[SourceDate "2006.10.20"]

1. Nf3 Nf6 2. c4 c5 3. g3 b6 4. Bg2 Bb7 5. O-O e6 6. Nc3 Be7 7. Re1 {Esta línea
fue popularizada por Kramnik en la década pasada, las blancas prefieren llegar
a una estructura Erizo con e4 jugado antes de avanzar d4, para poder retomar
de caballo en d4 sin cambiar los alfiles blancos.} (7. d4 cxd4 8. Qxd4 {
era la continuación más popular antiguamente.}) 7... d6 8. e4 Nbd7 9. d4 cxd4
10. Nxd4 Qc7 {Con este orden, que Spraggett juega con frecuencia, con buenos
resultados, las negras aceleran el desarrollo del ala dama antes de enrocar.}
11. Be3 ({La tardanza en jugar a6 intentó ser explotada con} 11. Ndb5 {
veamos un ejemplo reciente de dos participantes del open.} Qb8 12. Bf4 Ne5 13.
b3 a6 14. Nd4 O-O 15. h3 Qc7 16. Rc1 Rac8 17. Be3 Ned7 18. f4 Rfe8 19. g4 h6
20. g5 hxg5 21. fxg5 Nh7 22. h4 g6 23. Rf1 Ne5 24. Bh3 Bf8 25. h5 Bg7 26. Rc2
Qe7 27. hxg6 Nxg6 28. Rg2 Rc5 {1/2-1/2 Damljanovic - Spraggett, Vrsac 2006.})
11... Rc8 12. Rc1 Qb8 13. b3 O-O 14. f4 a6 {#} 15. f5 $6 {Las blancas logran
la casilla d5, pero como no podrán mantener una pieza allí, importarán más sus
defectos, que pronto veremos.} ({La continuación temática más agresiva es} 15.
g4) 15... e5 16. Nc2 b5 $1 {Tras esta ruptura, facilitada por la indefensión
del Cc3, las negras logran buen juego.} 17. Nd5 Bd8 $1 {
El alfil tiene un excelente futuro en la diagonal d8-a5.} 18. cxb5 axb5 19.
Ncb4 Rxc1 20. Bxc1 ({Sólo aquí aparece una divergencia con lo ya jugado,} 20.
Qxc1 Ng4 21. Nc6 Qa8 22. Nxd8 Bxd5 23. exd5 Rxd8 24. Qc7 Nxe3 25. Rxe3 Nf6 {
fue el desarrollo de Shkliar - Belov, Kazan 2001, las blancas quedaron con un
típico alfil malo inferior al caballo, las negras se impusieron en 45 jugadas.}
) 20... Ba5 21. Bd2 Bxd5 22. exd5 ({Si} 22. Nxd5 {sigue} Nxd5 23. Bxa5 Qa7+ 24.
Kh1 Qxa5 25. exd5 Qxa2 {etc., con gran ventaja posicional.}) {#} 22... Qa7+ $1
{Maniobra para evitar Cc6 de las blancas} 23. Be3 {
ahora el Cb4 queda clavado, pero no se podía} (23. Kh1 $2 {debido a} Qd4 24. a3
Ng4 {ganando.}) 23... Qb7 24. a3 Ra8 25. g4 h6 26. h4 h5 $1 27. gxh5 Bb6 {
"Despejando de hojarasca la posición" el cambio de alfiles de casillas negras
es favorable para el segundo jugador, cada vez es más notoria la pasividad de
las piezas blancas,  unida a las debilidades de su ala rey rey, y aunque
tienen un peón de ventaja, su posición la adornan nada menos que 4 peones
aislados.} 28. Nc2 Rc8 ({Otro camino prometedor era} 28... Bxe3+ 29. Rxe3 Qa7
30. Kh2 Rc8 {amenazando Txc2, y la posición blanca es difícil de sostener.})
29. Kh1 Nxh5 {Recupera el peón y sigue con ventaja, aunque} ({
parece mejor seguir con la idea de Ab6 y cambiar} 29... Bxe3 30. Nxe3 ({a} 30.
Rxe3 $6 {también} Qa7) 30... Qa7 {
recuperando también el peón, y quedando con mejores piezas.}) 30. Qxh5 Rxc2 31.
Bg5 $5 {Deja al Ab6 como gran dueño de la diagonal, aunque logra contrachances
prácticas.} Qc8 32. Be4 $2 {
# Pierde de inmediato, el ataque a la Tc2 es aparente.} ({Spraggett señaló} 32.
Qg4 $1 {en el post mortem como la continuación más peligrosa, aunque
objetivamente la ventaja de las negras persiste.}) 32... Qc3 $1 {
Y mate en 5 con la defensa menos colaboradora, señala Fritz} 33. Re3 Qa1+ 0-1

[Event "III Calvia Open"]
[Site "Calvia"]
[Date "2006.10.21"]
[Round "2"]
[White "Bartel, Mateusz"]
[Black "Larino Nieto, David"]
[Result "0-1"]
[WhiteElo "2569"]
[BlackElo "2406"]
[PlyCount "52"]
[EventDate "2006.10.21"]
[SourceDate "2006.10.20"]

1. g3 d5 2. f4 c5 3. Bg2 Nc6 4. Nf3 Bg4 5. O-O Nf6 6. Ne5 Nxe5 $5 {Esta posició
n se ha jugado muy pocas veces, y esta entrega de peón es una novedad.} 7. fxe5
Nd7 8. Bxd5 Nxe5 9. Bxb7 Bh3 10. Rf2 ({Más seguro es} 10. Bg2 {aunque el joven
gallego confiaba en su posición tras el cambio de alfiles seguido de h5 y h4.})
10... Rb8 11. Bh1 Qd7 12. Nc3 {DIAGRAMA} h5 $1 {Naturalmente el negro tiene
compensación porque el ala dama blanco está dormido, y el enroque blanco está
débil, si se une la apertura de la columna h, esa compensación crecerá, aunque
Lariño lo utilizó más como amenaza que como idea principal.} 13. e3 Ng4 ({
En este momento, como en varios otros, jugar} 13... h4 {es de considerar
seriamente, pero en este caso es válida la frase de Nimzovich, "La amenaza es
más fuerte que la ejecución"}) 14. Rf4 g5 {
Una jugada tanto de ataque como de desarrollo.} 15. Ra4 ({Contra} 15. Rc4 {
que Fritz considera como la jugada principal, Lariño pensaba jugar} Bg7 16.
Rxc5 Kf8 {entregando hasta 3 peones, por su gran ventaja de desarrollo, y
ataque sobre el rey.}) 15... Bg7 ({Aquí también} 15... h4 {era interesante,
aunque esta jugada es posiblemente más fuerte, amenaza Bxc3, y obliga a perder
otro tiempo con la torre "viajera".}) 16. Ra6 Kf8 17. Qf3 {DIAGRAMA} Bxc3 $1 {
Había 3 opciones, 17...h4, 17...Ne5 y esta jugada que Lariño prefiriórecordando
unas clases del maestro alemán Alexander Graf, jugador del Marcote, quien dio
una clase con el tema de "Eliminar la pieza del adversario que juega".} 18.
bxc3 Qb5 {Las negras juegan con energía esta fase decisiva, ahora aparecen los
problemas de mate en f1.} 19. Rxa7 ({Simplificar con} 19. Ra3 {
tampoco es un alivio, puede seguir} Ne5 20. Qf2 Ng4 21. Qe1 Rh6 22. Rb3 Qe8 {
y los problemas persisten, vendrá Rf6.}) 19... Rh6 $1 {
DIAGRAMA  Con la mortal amenaza Rf6.} 20. c4 $6 ({Era más resistente} 20. a4
Qc4 $1 ({ahora no es fuerte} 20... Qb6 $6 {debido a} 21. Rb7 Rxb7 22. Qxb7 Qf6
(22... Rf6 23. Ba3) 23. Qf3 {etc.}) 21. Ra8 Rxa8 22. Qxa8+ Kg7 23. Bg2 Rf6 24.
Bb2 (24. Bxh3 Qe2) 24... Qe2 25. c4 e5 {etc.}) 20... Qb6 21. Ra3 ({
En cambio ahora, tras} 21. Rb7 Rxb7 22. Qxb7 Qf6 {queda tocada la Ra1, y tras}
23. Qb8+ Kg7 24. Bb2 e5 {no hay defensa.}) 21... Rf6 {
Logrando ventaja decisiva.} 22. Qe2 Rf1+ 23. Qxf1 Bxf1 24. Rb3 Qd6 25. Rxb8+
Qxb8 26. Kxf1 Qe5 0-1

[Event "III Calvia Open"]
[Site "Calvia"]
[Date "2006.10.22"]
[Round "3"]
[White "Romanishin, Oleg"]
[Black "Libiszewbsky, Fabien"]
[Result "1-0"]
[WhiteElo "2542"]
[BlackElo "2469"]
[PlyCount "45"]
[EventDate "2006.10.21"]
[SourceDate "2006.10.20"]

1. d4 d5 2. Nf3 Nf6 3. c4 c6 4. Nc3 dxc4 5. a4 Bf5 6. Nh4 Bd7 {Esta jugada no
se ha jugado mucho, aunque uno de los analistas de Kasparov comentó que era de
una de las líneas preparadas por el retirado campeón para jugarla.  Más
usuales son 6...Bc8 y 6...e6} 7. e4 e6 {DIAGRAMA  Las negras amenazan Nxe4,
aprovechando la indefensión del Nh4, por lo que lo más usual es} 8. Bxc4 $5 {
Hay muy pocas partidas con este sacrificio, la posición se vuelve muy compleja
rápidamente.} (8. g3 {derivando a una estructura Catalana, que el propio
Romanishin había empleado varias veces, veamos un ejemplo reciente, entre 2
participantes del festival:} Bb4 9. Bg2 c5 10. O-O cxd4 11. Qxd4 Nc6 12. Qxc4
Qa5 13. Nf3 Rc8 14. Qe2 O-O 15. Rd1 Bxc3 16. bxc3 e5 17. Bg5 Qxc3 18. Rac1 Qa3
19. Ra1 Qc3 20. Rac1 Qa3 21. Ra1 {1/2-1/2 Romanishin - Godena, Frascati 2006.})
8... Nxe4 {Deep Junior 10 ve con recelo la aceptación del sacrificio.} 9. Nxe4
Qxh4 10. Qf3 Bb4+ 11. Kf1 $1 {La pérdida del enroque no es importante, sí lo
es conservar la amenaza Bg5, y un detalle importante es que el Bb4 queda
indefenso, y expuesto a un oportuno Qb3.} h6 12. Bf4 {
Las piezas blancas salen con facilidad.} O-O 13. Be5 f5 {
Desagradable necesidad, ahora e6 queda muy débil, la natural} (13... Na6 $2 {
pierde por} 14. Nf6+ $1) 14. Ng3 {DIAGRAMA} Na6 $2 {Encuentra una elegante
manera de centralizar este caballo, pero una sola pieza bien colocada no
justificará los otros graves defectos, como falta de coordinación de sus
fuerzas, y el enroque debilitado, también la audaz dama corre más peligros que
los evidentes.  Tal vez este sea el error decisivo, ambos maestros desconocían
o no recordaban el único ejemplo donde se jugó esta posición a nivel magistral.
} (14... Kh7 $5 {saliendo de los jaques, "Una jugada extraña" comentó
Romanishin al verla.  Tras un breve vistazo no consiguió encontrar una
continuación convincente para las blancas, aunque confió en la posición blanca,
y opinó que "debe haber algo".} {La partida siguió:} 15. Nh5 ({a} 15. Qb3 {
es fuerte la sugerencia de Deep Junior 10} c5 $1) 15... Be8 16. Nxg7 Nd7 17.
Nxe6 Nxe5 18. Nxf8+ Bxf8 19. Qxf5+ Ng6 20. Rd1 Bg7 21. g3 Qf6 22. Qxf6 Bxf6 23.
Kg2 Rd8 24. Rhe1 a5 25. Re4 c5 26. Rxe8 Rxe8 27. dxc5 Ne5 28. Bd5 Rd8 29. Be4+
Kg7 30. Rxd8 Bxd8 31. Bxb7 Nd3 32. b3 Nxc5 33. Bd5 Kf6 34. f4 Bb6 35. Kf3 Nd3
36. Bc4 Ne1+ 37. Ke2 Nc2 38. Kf3 Bg1 39. Kg2 Bc5 40. Kf3 Nd4+ 41. Ke4 Nf5 42.
Kf3 Ne3 43. Bd3 Ke6 44. g4 Kd5 45. g5 Kd4 46. Bg6 hxg5 47. fxg5 Nf1 48. h4 Nd2+
49. Kf4 Bd6+ 50. Kf5 Nf3 51. Kg4 Ne5+ 52. Kf5 Nf3 53. Kg4 Ne5+ {
1/2-1/2 Borovikov - Kupreichik, Pavlograd 2000.}) 15. Nh5 Nc5 16. Nxg7 Ne4 17.
Rd1 {DIAGRAMA  Las negras lograron lo máximo con este corcel, pero ello no es
suficiente.} Ng5 (17... Nd2+ $2 18. Rxd2 Bxd2 19. Nxe6 {es demoledor.}) 18. Qb3
{La ventaja blanca ya es decisiva.} Ne4 ({No es posible defender el alfil con} 
18... a5 {debido a que la dama queda copada tras} 19. Bg3 Qg4 20. f3 {etc.})
19. g3 Qh3+ 20. Kg1 a5 21. f3 Nd2 22. Rxd2 $1 Bxd2 23. Bf1 {
Y finalmente cayó la dama.} 1-0

[Event "III Calvia Open"]
[Site "Calvia"]
[Date "2006.10.23"]
[Round "4"]
[White "Gomez, John Paul"]
[Black "Heberla, Bartlomiej"]
[Result "1-0"]
[WhiteElo "2387"]
[BlackElo "2569"]
[PlyCount "63"]
[EventDate "2006.10.21"]
[SourceDate "2006.10.20"]

1. e4 e5 2. Nf3 Nc6 3. Bb5 Bc5 {
El GM polaco Heberla practica con frecuencia esta línea antigua.} 4. O-O Nge7
5. c3 Bb6 6. d4 ({Hace pocos meses Heberla debió enfrentarse a} 6. Na3 {y tras}
O-O 7. Nc4 d5 8. Nxb6 axb6 9. d3 f6 10. h3 Be6 11. Qc2 Qe8 12. Be3 Qh5 13. Nh2
Qf7 14. Bxc6 Nxc6 15. b3 Rfd8 16. f4 exf4 17. Bxf4 dxe4 18. dxe4 Qe7 19. Nf3
Bf7 20. Rae1 Bg6 21. Rf2 Re8 22. Rfe2 b5 23. Kh2 Rad8 24. Re3 Bh5 25. Nd4 Ne5
26. Nxb5 Qc5 {logró compensación por el peón y se impuso en  41 jugadas, Nolte
- Heberla, San Marino 2006.}) 6... exd4 7. cxd4 d5 8. exd5 Nxd5 9. Re1+ Be6 10.
Bg5 Qd6 11. Nbd2 {DIAGRAMA  En esta posición teórica las blancas tienen piezas
más activas, y las negras mejor estructura, con  bloqueo y presión sobre el
peón aislado, ?qué vale más?.  Para Fritz la cosa está clara, prefiere las
blancas.} O-O 12. Nc4 Qb4 13. a4 $1 ({A principios de año el maestro polaco
jugó esta posición, pero las blancas optaron por la más floja} 13. Nxb6 $6 {
que hace desaparecer gran parte de la tensión, tras} axb6 14. Bxc6 bxc6 15. Qc2
Qd6 16. a3 Rfe8 17. Bh4 Bd7 18. Bg3 Qg6 19. Qxg6 Rxe1+ 20. Rxe1 hxg6 21. Ne5
Be8 {las negras no lograron ventaja, pero se impusieron tras 53 jugadas,
Stehno - Heberla, Marianske Lazne 2006.}) 13... Nd8 14. Ra3 $1 {Amenazando
r la dama con Rb3, y con otras intenciones a través de la tercera línea.} f6
15. Bd2 Qe7 16. Ne3 {Da paso al Bb5, y elimina el N negro centralizado, con lo
que las piezas blancas adquieren más casillas.} c6 17. Nxd5 cxd5 18. Rae3 {
La posición negra es difícil, las torres blancas ejercen una fuerte presión en
la columna central, el Be6 está clavado, el Bb6 está fuera de juego, y el Nd8
obstaculiza las comunicaciones, pero no puede moverse.} a6 {Esta jugada ayuda
a que otra pieza se una a la presión, pero es difícil recomendar algo.} ({
Sería conveniente salir de la clavada, pero a} 18... Qf7 {sigue} 19. Bb4) 19.
Bd3 Qd7 {DIAGRAMA} 20. Bb4 $1 Re8 21. Qb1 $1 {Con las 2 jugadas anteriores las
blancas han dado un gran paso adelante., en primer lugar se apoderaron de la
diagonal a3-f8, activando su única pieza que no colaboraba, lo que tendrá gran
importancia, y ahora fuerzan una debilidad del enroque definitiva.} h6 ({
La otra defensa} 21... g6 {era imposible por} 22. Bxg6 $1 hxg6 23. Qxg6+ Kh8 {
y por ejemplo} 24. Ne5 fxe5 25. Rxe5 {con ataque decisivo.}) 22. Bh7+ Kh8 23.
Nh4 g5 {Pierde, pero no hay más} 24. Ng6+ Kg7 25. Nf8 $1 {
Ahora vemos la gran ayuda que presta del Bb4.} Rxf8 26. Qg6+ Kh8 27. Bxf8 Qxh7
28. Qxf6+ Kg8 29. Bxh6 Qf7 30. Qxg5+ Kh7 31. Qh4 {
Ya desde hace varias jugadas no hay defensa.} Qf5 32. Rg3 1-0

[Event "III Calvia Open"]
[Site "Calvia"]
[Date "2006.10.24"]
[Round "5"]
[White "Romanishin, Oleg"]
[Black "Gomez, John Paul"]
[Result "1-0"]
[WhiteElo "2542"]
[BlackElo "2387"]
[PlyCount "77"]
[EventDate "2006.10.21"]
[SourceDate "2006.10.20"]

1. d4 Nf6 2. Nf3 e6 3. g3 b5 4. Bg2 Bb7 {Jugar b5 antes de que las blancas
jueguen c4 reduce el dominio central del primer jugador, a cambio de quedar
con un peón expuesto en b5, generalmente las posiciones son ceradas y de
largas maniobras, aunque Romanishin logra frecuentemente darle un sello
personal, como veremos.} 5. O-O c5 6. Bg5 ({
Romanishin ha ideado el siguiente sacrificio de peón:} 6. Na3 Qb6 7. dxc5 Bxc5
{#} 8. b4 $5 Bxb4 9. Rb1 Nc6 10. c3 Bxa3 11. Bxa3 {logrando compensación
merced a la situación del rey negro en el centro, lo ha jugado frente a
Aleksandrov hace 2 años, y antes frente a Stangl en 1992.}) 6... cxd4 ({Contra
} 6... Na6 {Romanishin jugó otra entrega sorprendente} 7. e4 $1 Bxe4 8. Nc3 Bb7
{Black has to return the pawn.} ({En caso de} 8... Bc6 {
la iniciativa blanca es muy fuerte tras} 9. d5 $1 {por ej:} exd5 (9... Bb7 10.
Ne5 {amenazando Nxf7} Qc8 11. Nxb5 Bxd5 12. Bxd5 Nxd5 13. Qf3 f6 14. Qh5+ {
y las blancas ganan, dice Deep Junior 10}) 10. Re1+ Be7 11. Bxf6 gxf6 12. Nxd5
Bxd5 13. Qxd5 {con posición aplastante.}) 9. Nxb5 Qb6 10. c4 Be7 11. d5 $1 O-O
12. Ne5 Nb8 13. a4 $1 a5 {#} 14. b4 $3 d6 15. bxa5 Rxa5 16. Bd2 Rxb5 17. axb5
dxe5 18. d6 Bd8 19. Ba5 Qxa5 20. Rxa5 Bxg2 21. Kxg2 Bxa5 22. Qa1 Bd8 23. Qxe5 {
1-0 Romanishin - Meier, Hockenheim 2006.}) 7. Bxf6 (7. Nxd4 {es más usual.})
7... Qxf6 8. Nxd4 Bxg2 9. Kxg2 a6 10. c3 {Preparando el acoso a b5.} Nc6 ({
Romanishin tuvo que enfrentarse hace años a} 10... Bc5 {tras} 11. Nb3 Qe7 12.
N1d2 Bb6 13. a4 bxa4 14. Rxa4 O-O 15. e4 {Romanishin - Horvath, T, Lviv 1984.
con buena posición, aunque terminó perdiendo.} (15. Nc4 $5)) 11. a4 Nxd4 12.
cxd4 b4 13. Qd3 Qg6 14. Qf3 d5 15. Nd2 {La estructura cerrada hace que el
caballo blanco sea ligeramente preferible al alfil en este tipo de posición.}
Be7 16. Nc4 Qf6 17. Ne5 Qxf3+ 18. Kxf3 {El final es ligeramente mejor para las
blancas, gracias a su mejor rey, y posibilidad de rupturas, pero es aún una
ventaja pequeña.} f6 19. Nd3 Rc8 20. e4 Bd6 21. Rac1 Kd7 22. Ke3 g5 {
Una decisión comprometida.} 23. e5 fxe5 24. dxe5 Be7 {
Romanishin censuró esta jugada, el alfil queda muy pasivo aquí, es mejor Bb8}
25. f4 g4 $6 26. Kd4 $1 {
Ahora ya la ventaja es considerable, la ruptura f5 está latente.} a5 $6 {#} 27.
f5 $1 {Y en pocas jugadas la posición blanca se ha vuelto muy superior, la
ganancia de material con mejor posición es inevitable.} exf5 28. Kxd5 Rxc1 29.
e6+ Kc7 30. Rxc1+ Kb7 31. Nc5+ $1 Kb6 (31... Bxc5 32. Rxc5 Rd8+ 33. Ke5 {
tampoco ofrecía esperanzas.}) 32. Nd7+ Kb7 33. Rf1 Rc8 34. Rxf5 Rc2 35. Rf7 Bd8
36. e7 Bxe7 37. Rxe7 Rxb2 38. Nc5+ Kc8 39. Rxh7 1-0

[Event "III Calvia Open"]
[Site "Calvia"]
[Date "2006.10.25"]
[Round "6"]
[White "Spraggett, Kevin"]
[Black "Vallejo Pons, Francisco"]
[Result "1/2-1/2"]
[WhiteElo "2610"]
[BlackElo "2674"]
[PlyCount "61"]
[EventDate "2006.10.21"]
[SourceDate "2006.10.20"]

1. e4 c5 2. Nf3 d6 3. d4 cxd4 4. Nxd4 Nf6 5. Nc3 a6 6. Bg5 {Esta jugada, que
fuera la más popular desde los años 50 hasta los 70, ha sido eclipsada por la
línea 6.Be3.} e6 7. f4 Be7 8. Qf3 Qc7 9. O-O-O Nbd7 10. g4 b5 11. Bxf6 Nxf6 12.
g5 Nd7 13. f5 {Este sacrificio de peón lleva a posiciones extremadamente
complejas, donde la teoría es antigua en mucha de sus variantes.} Nc5 14. f6
gxf6 15. gxf6 Bf8 16. Rg1 Bd7 {#} 17. Rg7 {Esta es una idea del prematuramente
desaparecido jugador de ataque Bela Perenyi, esta línea lleva su nombre.} b4
18. Nd5 $1 {El típico sacrificio siciliano en d5, también estamos en terreno
teórico, es llamativo que a ambos maestros les restara tan sólo alrededor de
media hora en el reloj a esta altura de la partida.} exd5 19. exd5 {
A partir de ahora Spraggett empezó a hacer sus jugadas con mayor rapidez.}
O-O-O 20. Rxf7 Bh6+ 21. Kb1 Rdf8 {#} 22. Rxf8+ $1 {Según la teoría conocida,
este cambio, con la idea que sigue, del israelí Leonid Shmuter, es mejor que
lo que se jugaba desde mucho tiempo antes} (22. Re7) 22... Rxf8 ({Si} 22...
Bxf8 {sigue} 23. Re1 {con idea de Ne6, indica Shmuter.}) 23. Ne6 $1 {
Esta es la segunda parte de la idea} Nxe6 ({Contra} 23... Qb6 {sigue} 24. Nxf8
Bxf8 25. Bh3 $1 {
y según el veredicto de Deep Junior 10, la posición blanca es ganadora.}) 24.
dxe6 Bxe6 {#} ({Si} 24... Bc6 {los 2 peones en sexta son decisivos tras} 25.
Bxa6+ Kb8 26. Qf5 {según indica Shmuter y lo corrobora Deep Junior.}) 25. Bh3
$1 {Y esta es la tercera parte de la idea, se amenaza 26.Bxe6+, no es posible
25...Bxh3 ya que cae el Bh6, y la dama blanca amenaza entrar por a8, la
posición negra es penosa, según los antecedentes de mi base de datos sólo un
jugador con las piezas negras logró hacer tablas esta posición, frente a 7
derrotas, aunque sólo una partida es de nivel magistral.} Qd7 ({
La partida madre siguió} 25... Qc4 26. b3 Qc5 27. Bxe6+ Kc7 28. Bd5 $1 Kb6 29.
Qf5 $1 Be3 30. Qd7 Qc7 31. Qe6 $1 Bg5 32. f7 a5 33. Bc4 $1 Be7 34. Re1 Bg5 35.
Qe8 Bh6 36. Qb5+ {1-0 Shmuter - Kaspi, Tel Aviv 1996.}) 26. Qa8+ Kc7 27. Qa7+
Kc8 28. Qxa6+ Kc7 29. Qa5+ Kc6 {#} (29... Kc8 30. Rd4 $1 Be3 31. Rxb4 {ganando.
}) 30. Qa6+ $4 ({Un muy cansado Spraggett, y ya en apuro de tiempo, no vio la
continuación ganadora, publicada hace 10 años:} 30. Rd4 $1 Rb8 (30... Rxf6 31.
Rxb4 Be3 32. Qa6+ Kc5 33. Qb6+ Kd5 34. Qxe3 {y mate en 6, dice Fritz.}) (30...
d5 31. Qa6+ Kc5 32. Bxe6 Rxf6 33. Rxd5+ Qxd5 34. Qa5+ {etc.}) (30... Be3 31.
Rc4+ $1 Bxc4 32. Qa4+ {ganando.}) 31. Rc4+ Bxc4 32. Bxd7+ Kxd7 33. Qa7+ Kc8 34.
b3 $1 Bb5 35. Qxh7 Bf8 36. Qf7 {etc.}) 30... Kc7 31. Qa5+ 1/2-1/2